000 006630000a22002050004500
001 768714001
003 CO-MdFUSB
005 20170418123126.0
008 170418s2008 it ||||| |||| 00| 0 ita d
022 _a1126-8557
040 _aCO-MdFUSB
_bspa
_cCO-MdFUSB
_dCO-MdFUSB
041 _aita
100 1 _aCharamsa, Cristoforo.
_eautor
245 1 0 _aMaria e la nuova/ vera famiglia di Gesù ( a proposito si Marco 3,31-35)
300 _aVolumen 11, número 1 (2008), páginas 36-54
_c24 cm.
546 _aTexto en italiano
650 1 4 _aBIBLIA N.T. - MARCOS
773 0 _tAlpha omega
_049514
_961521
_gVolumen 11, número 1 (2008)
_qpáginas 36-54
942 _cANA
999 _c63177
_d63177